|
|
|
|
| LEADER |
01066nam a22002531 4500 |
| 001 |
27635 |
| 003 |
BD-DhAAL |
| 005 |
20131001105513.0 |
| 008 |
131001s1961 njua b 000 0 eng |
| 010 |
|
|
|a 61011466
|
| 020 |
|
|
|a 9781258248086
|
| 040 |
|
|
|a DLC
|c ODaWU
|d OCoLC
|d Uk
|d DLC
|d BD-DhAAL
|
| 082 |
|
|
|a 612.01448
|
| 100 |
1 |
|
|a Andrews, Howard Lucius,
|d 1906-
|9 3348
|
| 245 |
1 |
0 |
|a Radiation biophysics /
|c Howard Lucius Andrews.
|
| 260 |
|
|
|a Englewood Cliffs, N.J.,
|b Prentice-Hall,
|c 1961.
|
| 300 |
|
|
|a 328 p.
|b ill.
|c 24 cm.
|
| 504 |
|
|
|a Includes bibliographical references and index.
|
| 541 |
|
|
|e 27634, 27635
|
| 650 |
|
0 |
|a Medical physics.
|9 3349
|
| 942 |
|
|
|2 ddc
|c BK
|
| 999 |
|
|
|c 14042
|d 14042
|
| 952 |
|
|
|0 0
|1 0
|2 ddc
|4 0
|6 612_014480000000000_AND
|7 0
|9 23542
|a BRACUL
|b BRACUL
|c GEN
|d 2013-10-01
|e Trim Education
|g 6120.00
|l 0
|o 612.01448 AND
|p 3010027634
|r 2013-10-01
|t 1
|w 2013-10-01
|y BK
|
| 952 |
|
|
|0 0
|1 0
|2 ddc
|4 0
|6 612_014480000000000_AND
|7 0
|9 23543
|a BRACUL
|b BRACUL
|c GEN
|d 2013-10-01
|e Trim Education
|g 6120.00
|l 1
|m 6
|o 612.01448 AND
|p 3010027635
|r 2025-12-28
|s 2025-11-30
|t 2
|w 2013-10-01
|y BK
|